000 00380nam a2200145Ia 4500
008 240624s9999 xx 000 0 und d
041 _aeng
082 _a658 PRI
100 _aPRIDE WILLIAM M
245 _aINTRODUCTION TO BUSINESS
250 _a(10th ed.)
260 _c2010
_aAustralia
_bSouth-Western Cengage Learning
300 _axxx, : 628 : p. : cm. ; 27
365 _c
_b30
999 _c14955
_d14955